Saurez-vous reconnaître ces célébrités mondialement connues ? - Statistiques

Statistiques générales
  • Ce quiz a été pris 27 fois
  • Le résultat moyen est 9 sur 20
Statistiques - réponses
Questions Réponses % Correct
Quel peintre a réalisé Guernica ? Pablo Picasso
82%
Quel dramaturge anglais a écrit Hamlet ? William Shakespeare
77%
Quel président américain est associé au New Deal ? Franklin D. Roosevelt
68%
Quel philosophe des Lumières a écrit Du contrat social ? Jean-Jacques Rousseau
68%
Quel compositeur est devenu sourd à la fin de sa vie mais a continué à créer ? Ludwig van Beethoven
68%
Quel mathématicien a formulé les lois du mouvement et de la gravitation ? Isaac Newton
64%
Quel dirigeant soviétique a lancé la perestroïka ? Mikhaïl Gorbatchev
64%
Quel scientifique italien a amélioré la lunette astronomique et soutenu l’héliocentrisme ? Galilée
59%
Quel empereur mongol a fondé le plus grand empire terrestre continu ? Gengis Khan
55%
Quelle reine d’Angleterre est la fille d’Henri VIII et d’Anne Boleyn ? Élisabeth Ire
45%
Quel explorateur a dirigé la première circumnavigation du globe (même s’il est mort avant la fin) ? Fernand de Magellan
45%
Quel empereur romain a légalisé le christianisme avec l’édit de Milan en 313 ? Constantin 1er
41%
Quel scientifique a proposé le modèle héliocentrique avant Galilée ? Nicolas Copernic
41%
Quel écrivain russe est l’auteur de Crime et Châtiment ? Fiodor Dostoïevski
36%
Quel philosophe allemand a écrit Ainsi parlait Zarathoustra ? Friedrich Nietzsche
32%
Quel physicien britannique est connu pour ses travaux sur les trous noirs et la vulgarisation scientifique ? Stephen Hawking
32%
Quel général français de la Révolution est devenu roi de Suède ? Jean-Baptiste Bernadotte
18%
Quel roi de Macédoine est le père d’Alexandre le Grand ? Philippe II de Macédoine
9%
Quelle femme scientifique a découvert la structure de l’ADN avec Watson et Crick (mais longtemps oubliée) ? Rosalind Franklin
5%
Quel scientifique a posé les bases de la mécanique quantique avec le principe d’incertitude ? Werner Heisenberg
5%
Aucun quiz correspondant
Distribution des résultats
% des personnes avec chaque résultat
Percentile par nombre de réponses
Votre historique - résultats
Vous n’avez pas pris ce quiz